Statistics for US Cities By Population Every 50 Years

Click here to take the quiz!

General Stats

  • This quiz has been taken 74 times
  • The average score is 41 of 50

Answer Stats

% Correct
1,698,575 | 2,693,976 | 3,620,962Chicago
100%
2,320,268Houston
100%
3,437,202 | 7,891,957 | 8,336,817New York
100%
515,547 | 60,515New York, NY
100%
1,293,697 | 1,584,064 | 2,071,605Philadelphia
100%
1,970,358 | 3,979,576Los Angeles
98%
1,343,573Dallas
97%
1,849,568Detroit
97%
560,892 | 801,444Boston
95%
136,881 | 24,937Boston, MA
95%
1,680,992Phoenix
95%
802,178Washington D.C.
95%
1,423,851San Diego
92%
121,376 | 41,220Philadelphia, PA
90%
342,782San Francisco
90%
508,957 | 949,708Baltimore
89%
169,054 | 26,514Baltimore, MD
89%
1,547,253San Antonio
89%
116,375New Orleans, LA
87%
381,768 | 914,808Cleveland
85%
575,238 | 856,796St. Louis
85%
77,860St. Louis, MO
84%
1,021,795San Jose
81%
325,902Cincinnati
79%
352,387Buffalo
71%
115,435Cincinnati, OH
71%
50,763Albany, NY
63%
7,614Providence, RI
60%
18,824Charleston, SC
58%
96,838Brooklyn, NY
50%
6,926Norfolk, VA
37%
9.457Salem, MA
35%
10,718Northern Liberties, PA
27%
9,621Southwark, PA
18%
58,894Spring Garden, PA
13%

Score Distribution

Percentile by Number Answered

Percent of People with Each Score

Your Score History

You have not taken this quiz